000 00649nam a2200133 a 4500
008 090818s2008 ||||||||||||||||| || u
050 _aTHESIS/MBA
100 _aChimanga, Ngosa
245 1 4 _aThe preference for foreign expertise by foreign direct investors visavis the law of Zambia: a case of the mining sector in Zambia
_cSupervised by Prof. J. M. Tembo
260 _aKitwe
_bCopperbelt University, School of Business, Postgraduate Deartment
_c2008
350 _a0.00
650 0 _aBUSINESS
995 _D0.00
_FCBU-MAIN LIBRARY (Kitwe)
_H1
_I0.00
_M1
_UAVAILABLE
_WAug 18, 2009
_ZUniversity Collection
999 _c54367
_d54367